Fire Emblem Fates Classes - Statistics

General Stats
  • This quiz has been taken 17 times
    16 since last reset
  • The average score is 47 of 62
Answer Stats
Hint Answer % Correct
Hoshido (Bow) Archer
93%
Nohr(Tome) Dark Mage
93%
Nohr(Sword,Lance,Axe) Great Knight
93%
Nohr(Sword, Axe) Hero
93%
Special Class(Sword, Dragonstone, Staff) Hoshido Noble
93%
Hoshido(Shuriken) Ninja
93%
Special Class(Sword, Dragonstone, Tome) Nohr Noble
93%
Nohr(Sword, Lance) Paladin
93%
Hoshido(Sword) Samurai
93%
Nohr(Bow, Staff) Adventurer
87%
Nohr(Axe) Berserker
87%
Nohr(Sword, Bow) Bow knight
87%
Nohr(Sword,lance) Cavalier
87%
Hoshido (Lance, Bow) Kinshi Knight
87%
Hoshido (Beaststone) Kitsune
87%
Nohrian(Lance) Knight
87%
Nohr(Shuriken, Staff) Maid/Butler
87%
Nohr(Axe, Tome) Malig Knight
87%
Hoshido(Staff) Monk/Shrine Maiden
87%
Special Class(Lance) Songstress
87%
Hoshido(Sword) Swordmaster
87%
Nohr(Sword, Tome) Dark Knight
80%
Nohr(Axe) Fighter
80%
Hoshido (Sword, Lance, Axe) Master of Arms
80%
Nohr(Sword) Mercenary
80%
Special Class(Sword, Dragonstone) Nohr Prince
80%
Hoshido (Tome, Staff) Onmyoji
80%
Nohr(Bow) Outlaw
80%
Hoshido (Female)(Bow, Staff) Priestess
80%
Hoshido (Bow) Sniper
80%
Hoshido(Lance) Spear Fighter
80%
Hoshido(Lance) Villager
80%
Nohr(Beaststone) Wolfskin
80%
Nohr(Axe) Wyvern Rider
80%
Hoshido(Tome) Diviner
73%
Hoshido (Lance, Staff) Falcon Knight
73%
Hoshido (Sword, Shuriken) Master Ninja
73%
Hoshido (Beaaststone) Nine-Tails
73%
Hoshido(Axe) Oni Savage
73%
Nohr(Staff) Troubador
73%
Special Class (Tome) Witch
73%
Nohr(Lance, Axe) Wyvern Lord
73%
Hoshido(Bow) Apothecary
67%
Hoshido (Lance, Tome) Basara
67%
Hoshido (Sword, Axe) Blacksmith
67%
Nohr(Lance, Axe) General
67%
Special Class (Sword, Lance) Great Lord
67%
Hoshido (Lance, Bow) Merchant
67%
Hoshido (Axe, Tome) Oni Chieftain
67%
Hoshido (Lance) Sky Knight
67%
Nohr(Tome) Sorcerer
67%
Nohr(Tome, Staff) Strategist
67%
Special Class (Sword, Axe, Shuriken) Dread Fighter
60%
Hoshido (Shuriken, Bow) Mechanist
60%
Hoshido (Lance) Spear Master
60%
Nohr(Beaststone) Wolfssenger
60%
Special Class (Sword, Tome) Grandmaster
53%
Special Class (Sword) Lodestar
53%
Special Class (Sword, Axe) Vanguard
53%
Special Class (Bow) Ballistician
47%
Special Class(Lance, Tome) Dark Falcon
47%
Hoshido (Male)(Lance, Staff) Great Master
40%
No matching quizzes found
Score Distribution
Percent of People with Each Score
Percentile by Number Answered
Your Score History
You have not taken this quiz since the last reset